|
|
|
|
| LEADER |
00000cam a2200000 a 4500 |
| 001 |
vtls008351208 |
| 003 |
SK-MaSNL |
| 005 |
20260301180507.0 |
| 008 |
230403s1970 xo ab e np 000 0 slo |
| 015 |
|
|
|a SNBA1970/11-02490
|
| 035 |
|
|
|a SK01SNK19700043425
|
| 035 |
|
|
|a urn:nbn:sk:snk-amjumt
|
| 035 |
|
|
|a urn:nbn:sk:snk-am0081e7
|
| 035 |
|
|
|a 30250256-43EA-45C6-B278-F3E3292F6368
|
| 035 |
|
|
|a SKM000045888
|
| 035 |
|
|
|a urn:nbn:sk:snk-am008ree
|
| 035 |
|
|
|a F7D9B07E-721C-4699-BBA6-F77DA05CC453
|
| 040 |
|
|
|a SNK
|b slo
|c SNK
|e AACR2
|
| 041 |
0 |
|
|a slo
|
| 044 |
|
|
|a xo
|c SK
|
| 080 |
|
|
|a 339.3:338.342(075.8)
|2 1981
|
| 080 |
|
|
|a 338.342:339.3(075.8)
|2 1981
|
| 100 |
1 |
|
|a Janeček, Milan,
|d 1923-1997
|4 aut
|9 42009
|
| 245 |
1 |
0 |
|a Ekonomika vnútorného obchodu
|b vybraná kap.: Nákup poľnohospodárkych výrobkov : ... učeb. pomôcka pre internú potrebu posl. VŠE ...
|c Milan Janeček
|
| 250 |
|
|
|a 1. vyd.
|
| 260 |
|
|
|a Bratislava
|b Vysoká škola ekonomická
|c 1970
|
| 300 |
|
|
|a 151 s.
|b mp., sch., tab.
|c 4°
|
| 366 |
|
|
|e 100 výt.
|
| 490 |
1 |
|
|a Vysokoškolské skriptá
|
| 504 |
|
|
|a Bibliogr. Pozn. Zozn. príl.
|
| 650 |
0 |
7 |
|a poľnohospodárske výrobky
|2 SNKPH
|9 20059
|
| 650 |
0 |
7 |
|a vnútorný obchod
|2 SNKPH
|9 2197
|
| 655 |
|
7 |
|a učebnice vysokých škôl
|2 SNKPH
|9 70191
|
| 830 |
|
0 |
|a Vysokoškolské skriptá
|9 276440
|
| 852 |
|
|
|a Slovenská národná knižnica
|
| 954 |
|
|
|a odborná, vedecká literatúra pôvodná (slovenská)
|2 lita
|
| 958 |
|
|
|a OND
|
| 958 |
|
|
|a RM
|
| 958 |
|
|
|a UV
|
| 958 |
|
|
|a NB
|
| 958 |
|
|
|a RK
|
| 958 |
|
|
|a EUIPO
|
| 999 |
|
|
|c 846439
|d 848369
|
| 952 |
|
|
|a SNK
|b SNK
|y VYP
|7 0
|p 17A0597343
|o snkSB 16520 D1
|i snkKSP 121/71
|0 0
|1 0
|4 0
|d 2008-09-04
|l 0
|r 2026-02-24 04:27:11
|w 2026-02-24
|
| 952 |
|
|
|a SNK
|b SNK
|y PREZ
|7 0
|p 17A0808775
|o snkSB 16520
|i snkKSP 120/71
|0 0
|1 0
|4 0
|d 2012-07-23
|f 1
|l 0
|r 2025-03-18 00:00:00
|w 2026-02-24
|
| 952 |
|
|
|a SNK
|b SNK
|y PREZ
|7 0
|p 17A1022406
|o snkSB 16520/príl. 1-16
|i snkKSP 120/71
|0 0
|1 0
|4 0
|d 2013-07-26
|f 1
|l 0
|r 2025-03-18 00:00:00
|w 2026-02-24
|